[Event "Asia Nations online Cup"]
[Site "Chess.com INT"]
[Date "2020.10.18"]
[Round "8.15"]
[White "Arkadan, Adib"]
[Black "Seder, Mohamad"]
[Result "1/2-1/2"]
[WhiteElo "1742"]
[BlackElo "1722"]
[PlyCount "155"]
[EventDate "2020.10.10"]
[EventType "team-swiss (rapid)"]
[EventRounds "9"]
[EventCountry "IND"]
[SourceTitle "CBM 198 Extra"]
[Source "ChessBase"]
[SourceDate "2020.11.30"]
[SourceVersion "1"]
[SourceVersionDate "2020.11.30"]
[SourceQuality "1"]
[WhiteTeam "Lebanon"]
[BlackTeam "Palestine"]
[WhiteTeamCountry "LBN"]
[BlackTeamCountry "PLE"]

1. d4 Nf6 2. c4 g6 3. Nc3 Bg7 4. e4 d6 5. Be2 0-0 6. Nf3 c6 7. 0-0 e5 8. d5 cxd5 9. cxd5 Nbd7 10. Nd2 a6 11. a4 Ne8 12. Nc4 f5 13. b4 Nb6 14. Na5 fxe4 15. Nxe4 Nf6 16. f3 Kh8 17. Bg5 Nbxd5 18. Bxf6 Nxf6 19. Nxd6 Qb6+ 20. Kh1 Qxb4 21. Nac4 Bf5 22. Nxf5 gxf5 23. Nxe5 Nh5 24. Nd3 Qh4 25. Qe1 Qxe1 26. Raxe1 Rfe8 27. f4 Nf6 28. Bf3 Ne4 29. Bxe4 fxe4 30. Nc5 e3 31. Nxb7 Bd4 32. Nd6 e2 33. Rf3 Re6 34. Nf5 Bc5 35. Ng3 Rd8 36. Nxe2 Rxe2 37. Ref1 Rdd2 38. Rg3 Bd6 39. h3 Ra2 40. Rd1 Bc7 41. Rc1 Re7 42. Rf3 Kg7 43. f5 Kf7 44. Rfc3 Bf4 45. Rf1 Rf2 46. Kg1 Rxf1+ 47. Kxf1 Rc7 48. Rb3 Rc6 49. Kf2 Kf6 50. g4 Ke5 51. Kf3 Bd2 52. Rb8 Rc3+ 53. Kg2 Bf4 54. Re8+ Kf6 55. Re6+ Kf7 56. Rxa6 Ra3 57. Ra7+ Kg8 58. a5 Rg3+ 59. Kf2 Rxh3 60. a6 Be3+ 61. Kg2 Bxa7 62. Kxh3 Kf7 63. Kh4 h6 64. Kh5 Be3 65. a7 Bxa7 66. Kxh6 Be3+ 67. g5 Bxg5+ 68. Kxg5 Kg7 69. Kg4 Kf6 70. Kf4 Kf7 71. Ke5 Ke7 72. f6+ Kf7 73. Kf5 Kf8 74. Kg5 Kf7 75. Kf5 Kf8 76. Ke6 Ke8 77. Ke5 Kf7 78. Kf5 1/2-1/2

[Event "Asia Nations online Cup"]
[Site "Chess.com INT"]
[Date "2020.10.18"]
[Round "7.13"]
[White "Kyaw, Myat Aung"]
[Black "Arkadan, Adib"]
[Result "1-0"]
[WhiteElo "1839"]
[BlackElo "1742"]
[PlyCount "71"]
[EventDate "2020.10.10"]
[EventType "team-swiss (rapid)"]
[EventRounds "9"]
[EventCountry "IND"]
[SourceTitle "CBM 198 Extra"]
[Source "ChessBase"]
[SourceDate "2020.11.30"]
[SourceVersion "1"]
[SourceVersionDate "2020.11.30"]
[SourceQuality "1"]
[WhiteTeam "Myanmar"]
[BlackTeam "Lebanon"]
[WhiteTeamCountry "MYA"]
[BlackTeamCountry "LBN"]

1. e4 c5 2. Nf3 d6 3. d4 cxd4 4. Nxd4 Nf6 5. Nc3 Nc6 6. Be2 e5 7. Nb3 Be6 8. Be3 Be7 9. 0-0 0-0 10. f4 d5 11. exd5 Nxd5 12. Nxd5 Bxd5 13. fxe5 Nxe5 14. Bd4 Bd6 15. Rf5 Re8 16. Bxe5 Bxe5 17. Bf3 Bxf3 18. Qxf3 Bxb2 19. Rf1 Bf6 20. Qxb7 a5 21. Kh1 a4 22. Nc5 Re7 23. Qf3 Qe8 24. Nd3 Ra6 25. Nf4 Re3 26. Qb7 Rc6 27. Nd5 Re1 28. h3 h6 29. Nxf6+ Rxf6 30. Rxf6 gxf6 31. Qf3 Qe2 32. Qg3+ Kf8 33. Rxe1 Qxc2 34. a3 Qc5 35. Qe3 Qd6 36. Qxh6+ 1-0

[Event "Asia Nations online Cup"]
[Site "Chess.com INT"]
[Date "2020.10.16"]
[Round "4.13"]
[White "Arkadan, Adib"]
[Black "Al Zadjali, Abdul Rahman"]
[Result "0-1"]
[WhiteElo "1742"]
[BlackElo "1594"]
[PlyCount "66"]
[EventDate "2020.10.10"]
[EventType "team-swiss (rapid)"]
[EventRounds "9"]
[EventCountry "IND"]
[SourceTitle "CBM 198 Extra"]
[Source "ChessBase"]
[SourceDate "2020.11.30"]
[SourceVersion "1"]
[SourceVersionDate "2020.11.30"]
[SourceQuality "1"]
[WhiteTeam "Lebanon"]
[BlackTeam "Oman"]
[WhiteTeamCountry "LBN"]
[BlackTeamCountry "OMN"]

1. d4 Nf6 2. c4 e6 3. Nf3 d5 4. Nc3 Be7 5. cxd5 exd5 6. Bg5 h6 7. Bh4 0-0 8. e3 Bg4 9. Bd3 c5 10. dxc5 Nc6 11. 0-0 d4 12. exd4 Nxd4 13. Be2 Nxe2+ 14. Qxe2 Re8 15. Rad1 Qa5 16. Qe3 g5 17. Bg3 Bxc5 18. Qd3 Rad8 19. Qc4 Bxf3 20. gxf3 Rc8 21. Qb3 Re7 22. Bd6 Bxd6 23. Rxd6 Qe5 24. Rfd1 Rce8 25. Qc4 Kg7 26. f4 gxf4 27. Rxf6 Qxf6 28. Nd5 Re1+ 29. Rxe1 Rxe1+ 30. Kg2 Qg5+ 31. Kf3 Qh5+ 32. Kxf4 Qh4+ 33. Kf5 Qg5# 0-1

[Event "Beirut op 10th"]
[Site "Beirut"]
[Date "2019.05.01"]
[Round "6"]
[White "Arkadan, Adib"]
[Black "Djikerian, Rafi"]
[Result "1-0"]
[WhiteElo "1686"]
[BlackElo "1833"]
[PlyCount "101"]
[EventDate "2019.04.25"]
[EventType "swiss"]
[EventRounds "9"]
[EventCountry "LBN"]
[SourceTitle "CBM 190 Extra"]
[Source "ChessBase"]
[SourceDate "2019.07.15"]
[SourceVersion "1"]
[SourceVersionDate "2019.07.15"]
[SourceQuality "1"]

1. Nf3 c5 2. g3 Nc6 3. Bg2 g6 4. 0-0 d5 5. d3 Bg7 6. Nbd2 Nf6 7. Re1 0-0 8. e4 dxe4 9. Nxe4 Nxe4 10. Rxe4 Bf5 11. Re1 Qd7 12. Nd2 Rad8 13. Ne4 b6 14. Nc3 Nd4 15. Be3 Bg4 16. f3 Bh3 17. Bxd4 Bxd4+ 18. Kh1 Bxg2+ 19. Kxg2 b5 20. Qc1 e6 21. Ne4 Qc6 22. c3 Bg7 23. Qe3 Rd5 24. Rad1 Rfd8 25. Rd2 h6 26. Nf2 Re5 27. Ne4 f5 28. d4 cxd4 29. cxd4 Red5 30. Nc3 Rxd4 31. Rxd4 Rxd4 32. Qxe6+ Qxe6 33. Rxe6 Rd2+ 34. Kh3 Rxb2 35. Nd5 Rxa2 36. Re8+ Kf7 37. Re7+ Kf8 38. Rb7 a6 39. Nc7 Be5 40. Ne6+ Ke8 41. Rb6 g5 42. Nc5 h5 43. Re6+ Kf7 44. Rxe5 g4+ 45. fxg4 fxg4+ 46. Kh4 Rxh2+ 47. Kg5 a5 48. Nb7 Rh3 49. Nd6+ Kf8 50. Kf6 Kg8 51. Kg6 1-0

[Event "Beirut op 10th"]
[Site "Beirut"]
[Date "2019.04.29"]
[Round "4"]
[White "Ghnatios, Ralph"]
[Black "Arkadan, Adib"]
[Result "1-0"]
[WhiteElo "1838"]
[BlackElo "1686"]
[PlyCount "45"]
[EventDate "2019.04.25"]
[EventType "swiss"]
[EventRounds "9"]
[EventCountry "LBN"]
[SourceTitle "CBM 190 Extra"]
[Source "ChessBase"]
[SourceDate "2019.07.15"]
[SourceVersion "1"]
[SourceVersionDate "2019.07.15"]
[SourceQuality "1"]

1. e4 c5 2. Nc3 e6 3. Nf3 a6 4. d4 cxd4 5. Nxd4 Qc7 6. Bd3 Nf6 7. 0-0 Be7 8. Kh1 b5 9. f4 d6 10. g4 Bb7 11. g5 Nfd7 12. Qh5 Nf8 13. f5 exf5 14. Nxf5 g6 15. Ng7+ Kd8 16. Qg4 f5 17. gxf6 h6 18. Qf3 Rg8 19. Bxh6 Rh8 20. Qf4 b4 21. fxe7+ Qxe7 22. Bg5 Nc6 23. Nd5 1-0

[Event "Beirut op 10th"]
[Site "Beirut"]
[Date "2019.04.25"]
[Round "1"]
[White "Novikova, Margarita"]
[Black "Arkadan, Adib"]
[Result "1-0"]
[WhiteElo "2032"]
[BlackElo "1686"]
[PlyCount "107"]
[EventDate "2019.04.25"]
[EventType "swiss"]
[EventRounds "9"]
[EventCountry "LBN"]
[SourceTitle "CBM 190 Extra"]
[Source "ChessBase"]
[SourceDate "2019.07.15"]
[SourceVersion "1"]
[SourceVersionDate "2019.07.15"]
[SourceQuality "1"]

1. d4 Nf6 2. Nf3 g6 3. Nbd2 Bg7 4. e4 d6 5. h3 0-0 6. Be2 Nbd7 7. e5 Ne8 8. Nc4 h6 9. 0-0 b6 10. Ne3 Bb7 11. Ng4 h5 12. Nh6+ Bxh6 13. Bxh6 Ng7 14. exd6 cxd6 15. d5 Nf6 16. c4 Rc8 17. Nd4 Re8 18. Bd3 e5 19. dxe6 Nxe6 20. Bc2 d5 21. Ba4 Re7 22. Nxe6 Rxe6 23. cxd5 Qxd5 24. Qxd5 Nxd5 25. Bd7 Re2 26. Bxc8 Bxc8 27. Rfe1 Rxb2 28. Re8+ Kh7 29. Be3 Nxe3 30. Rxc8 Nf5 31. Rc7 Kg7 32. Rxa7 b5 33. Rd1 b4 34. Rd3 Rb1+ 35. Kh2 Rb2 36. Rf3 Kg8 37. g4 hxg4 38. hxg4 Nh6 39. Kh3 Kg7 40. Rb3 Rxb3+ 41. axb3 Kf6 42. f4 Ng8 43. Rb7 Ne7 44. Rb6+ Kg7 45. Rxb4 Nd5 46. Rd4 Nc3 47. Rc4 Nb5 48. Rc5 Nd6 49. b4 Kf6 50. Rc6 Ke7 51. Kh4 f6 52. f5 g5+ 53. Kh5 Ne4 54. Re6+ 1-0

[Event "Beirut Christmas op 20th"]
[Site "Beirut"]
[Date "2018.12.26"]
[Round "3"]
[White "Hamdoun, Jad"]
[Black "Arkadan, Adib"]
[Result "0-1"]
[WhiteElo "1173"]
[BlackElo "1596"]
[PlyCount "70"]
[EventDate "2018.12.22"]
[EventType "swiss"]
[EventRounds "7"]
[EventCountry "LBN"]
[SourceTitle "CBM 188 Extra"]
[Source "ChessBase"]
[SourceDate "2019.02.26"]
[SourceVersion "1"]
[SourceVersionDate "2019.02.26"]
[SourceQuality "1"]

1. e4 c5 2. Nf3 e6 3. d3 d5 4. Qe2 Nf6 5. g3 Nc6 6. Bg2 Be7 7. 0-0 0-0 8. Re1 Re8 9. Nbd2 b6 10. Nf1 Bb7 11. c3 Rc8 12. e5 Nd7 13. h4 b5 14. Bf4 Nb6 15. Rac1 b4 16. c4 dxc4 17. dxc4 Qc7 18. g4 Red8 19. h5 Nd4 20. Qe3 Nxf3+ 21. Bxf3 Rd4 22. Ng3 Nxc4 23. Qe2 Bxf3 24. Qxf3 Nxb2 25. Qb3 Nd3 26. Be3 Nxc1 27. Qc2 Rxg4 28. Rxc1 Qxe5 29. Kf1 Rxg3 30. Bxc5 Rxc5 31. Qxc5 Bxc5 32. fxg3 Qf5+ 33. Ke1 Qf2+ 34. Kd1 Qf3+ 35. Ke1 Bf2+ 0-1